[Event "Malaysia Masters"]
[Site "Ampang"]
[Date "2025.06.22"]
[Round "8"]
[White "Shahar, Uzair"]
[Black "Yeap, Eng Cheam"]
[Result "1-0"]
[WhiteElo "2104"]
[BlackElo "2083"]
[PlyCount "47"]
[EventDate "2025.06.18"]
[EventType "tourn"]
[EventRounds "9"]
[EventCountry "MAS"]
[SourceTitle "CB26_2025"]
[SourceDate "2025.06.25"]
[SourceVersion "1"]
[SourceVersionDate "2025.06.25"]
[SourceQuality "1"]

1. e4 e6 2. f4 d5 3. e5 c5 4. c3 Nc6 5. Nf3 Nh6 6. Na3 Be7 7. Nc2 g5 8. fxg5 Bxg5 9. d4 Bxc1 10. Qxc1 Nf5 11. Bd3 cxd4 12. cxd4 Nfxd4 13. Ncxd4 Nxd4 14. 0-0 Nxf3+ 15. Rxf3 Bd7 16. Kh1 Qe7 17. Qe3 Bc6 18. Qd4 0-0-0 19. Qxa7 Kc7 20. Rc1 Ra8 21. Rxc6+ Kxc6 22. Bb5+ Kxb5 23. Rb3+ Kc4 24. Qb6 1-0

[Event "Malaysia Masters"]
[Site "Ampang"]
[Date "2025.06.21"]
[Round "6"]
[White "Lye, Lik Zang"]
[Black "Yeap, Eng Cheam"]
[Result "1/2-1/2"]
[WhiteElo "2264"]
[BlackElo "2083"]
[PlyCount "122"]
[EventDate "2025.06.18"]
[EventType "tourn"]
[EventRounds "9"]
[EventCountry "MAS"]
[SourceTitle "CB26_2025"]
[SourceDate "2025.06.25"]
[SourceVersion "1"]
[SourceVersionDate "2025.06.25"]
[SourceQuality "1"]

1. d4 e6 2. c4 f5 3. g3 Nf6 4. Bg2 d5 5. Nh3 c6 6. 0-0 Bd6 7. Bf4 Be7 8. Nd2 0-0 9. Nf3 Ne4 10. Qc1 Nd7 11. Rd1 h6 12. Be3 g5 13. Ne5 Bf6 14. f4 g4 15. Nf2 h5 16. Nxe4 fxe4 17. h3 Qe8 18. hxg4 hxg4 19. Nxg4 Qh5 20. Nf2 Qxe2 21. Re1 Qh5 22. Qd1 Qxd1 23. Raxd1 Nb6 24. b3 Bd7 25. Ng4 Bg7 26. Ne5 Rad8 27. Bh3 Bc8 28. c5 Na8 29. Bd2 Rde8 30. Ba5 Bf6 31. Bg4 Re7 32. Kg2 Rg7 33. Be2 Bh4 34. Bg4 Bf6 35. Bh5 Bh4 36. Ng6 Rf5 37. g4 Rxg6 38. Bxg6 Rxf4 39. Rf1 e5 40. dxe5 Rxg4+ 41. Kh3 Rf4+ 42. Kh2 Bf2 43. Kg2 e3 44. Bh5 Rf5 45. Rh1 Rxe5 46. Bc3 Rg5+ 47. Kf3 Rg3+ 48. Ke2 b6 49. Bg6 Bg4+ 50. Kf1 Bh3+ 51. Ke2 bxc5 52. Be5 Bg4+ 53. Kd3 e2+ 54. Bxg3 c4+ 55. bxc4 dxc4+ 56. Kxc4 Nb6+ 57. Kd3 exd1Q+ 58. Rxd1 Bxd1 59. Bxf2 Bf3 60. a4 Nxa4 61. Bxa7 Kg7 1/2-1/2

[Event "MAS-ch"]
[Site "Pontian"]
[Date "2024.04.22"]
[Round "3"]
[White "Yeap, Eng Cheam"]
[Black "Ibnu, Iwan Schani"]
[Result "1/2-1/2"]
[WhiteElo "2122"]
[BlackElo "1782"]
[PlyCount "73"]
[EventDate "2024.04.21"]
[EventType "swiss"]
[EventRounds "9"]
[EventCountry "MAS"]
[SourceTitle "EXT 2025"]
[Source "ChessBase"]
[SourceDate "2024.10.14"]
[SourceVersion "1"]
[SourceVersionDate "2024.10.14"]
[SourceQuality "1"]

1. d4 Nf6 2. Nf3 g6 3. c3 Bg7 4. Bf4 d6 5. Nbd2 0-0 6. e4 c5 7. dxc5 dxc5 8. h3 Nc6 9. Be2 h6 10. 0-0 g5 11. Bh2 g4 12. hxg4 Nxg4 13. Bg3 Nf6 14. Qc2 Nh5 15. Bh2 Bg4 16. Rad1 e5 17. Nc4 Qe7 18. Ne3 Bxf3 19. Bxf3 Nf4 20. Nd5 Qg5 21. Nxf4 exf4 22. Qc1 Be5 23. Rd5 b6 24. Rfd1 Rad8 25. Qc2 Rxd5 26. exd5 Ne7 27. Qe4 Bd6 28. Be2 Ng6 29. Bd3 Kg7 30. Kh1 Rd8 31. c4 Rd7 32. Qf5 Re7 33. Qxg5 hxg5 34. g3 Kf6 35. Kg2 g4 36. gxf4 Nxf4+ 37. Bxf4 1/2-1/2

[Event "Penang op-A 14th"]
[Site "Penang"]
[Date "2022.12.20"]
[Round "3"]
[White "Yeap, Eng Cheam"]
[Black "Dau, Khuong Duy"]
[Result "1/2-1/2"]
[WhiteElo "2114"]
[BlackElo "2244"]
[PlyCount "67"]
[EventDate "2022.12.19"]
[EventType "swiss"]
[EventRounds "9"]
[EventCountry "MAS"]
[SourceTitle "CBM 211 Extra"]
[Source "ChessBase"]
[SourceDate "2023.01.31"]
[SourceVersion "1"]
[SourceVersionDate "2023.01.31"]
[SourceQuality "1"]

1. d4 Nf6 2. Bf4 g6 3. Nf3 Bg7 4. e3 0-0 5. Be2 d6 6. h3 Nbd7 7. Bh2 c5 8. c3 b6 9. 0-0 Bb7 10. Nbd2 Ne4 11. Nxe4 Bxe4 12. Qb3 Nf6 13. Rfd1 cxd4 14. exd4 Qd7 15. a4 Rab8 16. Ng5 Bd5 17. c4 Ba8 18. Bf3 Bxf3 19. Nxf3 Rfc8 20. Rac1 Rb7 21. Qa3 Rbc7 22. b3 Ne4 23. Re1 f5 24. Rcd1 Qc6 25. Rd3 Rd7 26. Bf4 Re8 27. d5 Qc5 28. Qa2 a6 29. Qe2 e5 30. dxe6 Rxe6 31. Be3 Qb4 32. Bd2 Qc5 33. Be3 Qb4 34. Bd2 1/2-1/2

[Event "Asia Cities-ch"]
[Site "Dhaka"]
[Date "2019.07.13"]
[Round "5.4"]
[White "Yeap, Eng Cheam"]
[Black "Shrestha, Sujendra Prasad"]
[Result "1-0"]
[WhiteElo "2107"]
[BlackElo "1853"]
[PlyCount "121"]
[EventDate "2019.07.10"]
[EventType "team-swiss"]
[EventRounds "9"]
[EventCountry "BAN"]
[SourceTitle "EXT 2020"]
[Source "ChessBase"]
[SourceDate "2019.10.17"]
[SourceVersion "1"]
[SourceVersionDate "2019.10.17"]
[SourceQuality "1"]
[WhiteTeam "Shah Alam"]
[BlackTeam "Kathmandu"]
[WhiteTeamCountry "MAS"]
[BlackTeamCountry "NEP"]

1. d4 e6 2. Nf3 c5 3. e3 Nf6 4. Bd3 b6 5. 0-0 Bb7 6. b3 Be7 7. Bb2 0-0 8. Nbd2 d6 9. Qe2 a6 10. Rad1 Nc6 11. c4 Qc7 12. e4 cxd4 13. Nxd4 Nxd4 14. Bxd4 e5 15. Bb2 a5 16. Nb1 Nd7 17. Nc3 Nc5 18. Bb1 Rad8 19. Qc2 Qc8 20. Rfe1 g6 21. Qd2 Ne6 22. Qe3 Nc5 23. Re2 f5 24. exf5 gxf5 25. Qh3 Rf7 26. Nd5 Bxd5 27. Rxd5 Rdf8 28. f4 Ne4 29. fxe5 dxe5 30. Bxe5 Bc5+ 31. Bd4 Bxd4+ 32. Rxd4 Qc5 33. Qe3 Rf6 34. Kh1 Re8 35. Bxe4 fxe4 36. Re1 Kf8 37. h3 Rfe6 38. Qf4+ Kg8 39. Rdxe4 Rf8 40. Qxf8+ Kxf8 41. Rxe6 Qd4 42. R6e4 Qc3 43. Kh2 h5 44. R1e3 Qd2 45. Re2 Qd6+ 46. g3 Qd3 47. Rf2+ Kg7 48. Re7+ Kg8 49. Re5 Qd1 50. Rg5+ Kh7 51. Rd5 Qe1 52. Rxh5+ Kg6 53. Rhf5 a4 54. bxa4 Qb4 55. Rb5 Qxa4 56. Rxb6+ Kg7 57. c5 Qc4 58. c6 Qc5 59. Rfb2 Qc3 60. c7 Kf7 61. Rb8 1-0

[Event "Asia Cities-ch"]
[Site "Dhaka"]
[Date "2019.07.12"]
[Round "3.6"]
[White "Wasif, Zenobia"]
[Black "Yeap, Eng Cheam"]
[Result "0-1"]
[WhiteElo "1587"]
[BlackElo "2107"]
[PlyCount "72"]
[EventDate "2019.07.10"]
[EventType "team-swiss"]
[EventRounds "9"]
[EventCountry "BAN"]
[SourceTitle "EXT 2020"]
[Source "ChessBase"]
[SourceDate "2019.10.17"]
[SourceVersion "1"]
[SourceVersionDate "2019.10.17"]
[SourceQuality "1"]
[WhiteTeam "Pakpattan City"]
[BlackTeam "Shah Alam"]
[WhiteTeamCountry "PAK"]
[BlackTeamCountry "MAS"]

1. e4 c5 2. c4 Nc6 3. Nf3 e5 4. d3 d6 5. h3 f5 6. Nc3 Nf6 7. Be2 Be7 8. Nd5 0-0 9. Nxe7+ Qxe7 10. exf5 Bxf5 11. 0-0 h6 12. Be3 Rf7 13. Nh4 Bh7 14. Bh5 Nxh5 15. Qxh5 Bxd3 16. Rfe1 Qf6 17. b3 Nd4 18. Bxd4 cxd4 19. Qf3 Qxh4 20. Qxd3 Qxf2+ 21. Kh1 Raf8 22. Qe4 Qg3 23. Rad1 h5 24. Qd5 h4 25. Rf1 Qg6 26. Rfe1 b6 27. b4 Kh8 28. a4 Rf2 29. a5 e4 30. Rg1 d3 31. axb6 axb6 32. Qd4 Rc2 33. Rde1 Rf4 34. Rc1 Rxc1 35. Rxc1 Qf6 36. Kh2 Qxd4 0-1

[Event "Penang op 8th"]
[Site "Penang"]
[Date "2016.12.07"]
[Round "5"]
[White "Yeap, Eng Cheam"]
[Black "Chow, Kit Meng Jordan Max"]
[Result "1-0"]
[WhiteElo "2124"]
[BlackElo "1794"]
[PlyCount "101"]
[EventDate "2016.12.05"]
[EventType "swiss"]
[EventRounds "9"]
[EventCountry "MAS"]
[SourceTitle "CBM 176 Extra"]
[Source "ChessBase"]
[SourceDate "2017.03.02"]
[SourceVersion "1"]
[SourceVersionDate "2017.03.02"]
[SourceQuality "1"]

1. e4 e6 2. d3 d5 3. Nd2 Nc6 4. Ngf3 Nf6 5. Be2 Bc5 6. 0-0 0-0 7. c3 dxe4 8. dxe4 a5 9. Qc2 e5 10. Nc4 Qe8 11. Be3 Bxe3 12. Nxe3 Nd8 13. Rad1 Ne6 14. g3 c6 15. Nxe5 Ng5 16. f4 Ngxe4 17. Bf3 Nc5 18. Rfe1 Be6 19. N3c4 Qb8 20. b3 Qc7 21. Qf2 Ncd7 22. Nxd7 Nxd7 23. Nd6 Nf6 24. c4 Rfd8 25. Qc5 Bg4 26. Bxg4 Nxg4 27. Nf5 g6 28. Ne7+ Kg7 29. Qg5 h5 30. h3 Nh6 31. Nxg6 f6 32. Qxh5 Rxd1 33. Rxd1 Rd8 34. Nh4 Qb6+ 35. Kg2 Rxd1 36. Qxd1 Qe3 37. Qd7+ Kh8 38. Qxb7 Qe2+ 39. Kh1 Qe4+ 40. Kh2 Qc2+ 41. Ng2 Nf5 42. Qxc6 Qd3 43. Qxf6+ Kh7 44. Qf7+ Kh8 45. Qe8+ Kg7 46. Qe1 Nd4 47. Nh4 Qc2+ 48. Kh1 Ne2 49. a4 Qd3 50. Kh2 Qe3 51. Nf5+ 1-0

[Event "Penang op 7th"]
[Site "Penang"]
[Date "2015.12.07"]
[Round "1"]
[White "Yeap, Eng Cheam"]
[Black "Srivatanakul, Pricha"]
[Result "1-0"]
[WhiteElo "2128"]
[BlackElo "1656"]
[PlyCount "77"]
[EventDate "2015.12.07"]
[EventType "swiss"]
[EventRounds "9"]
[EventCountry "MAS"]
[SourceTitle "CBM 169 Extra"]
[Source "ChessBase"]
[SourceDate "2015.12.18"]
[SourceVersion "1"]
[SourceVersionDate "2015.12.18"]
[SourceQuality "1"]

1. e4 Nc6 2. f4 Nf6 3. e5 Nd5 4. d4 e6 5. Nf3 Bb4+ 6. c3 Ba5 7. b4 Bb6 8. b5 Nce7 9. c4 Ba5+ 10. Kf2 Nb6 11. Bd2 Bxd2 12. Nbxd2 a6 13. a4 axb5 14. axb5 Rxa1 15. Qxa1 Nf5 16. Bd3 Nh4 17. Rd1 Nxf3 18. Nxf3 h6 19. d5 Qe7 20. d6 cxd6 21. Qa5 Qd8 22. exd6 0-0 23. g3 Re8 24. Ra1 Rf8 25. Ra2 Re8 26. c5 Nd5 27. Qxd8 Rxd8 28. Ra8 Rf8 29. Ne5 Nf6 30. Ke3 h5 31. Kd4 Ng4 32. Nc4 Nxh2 33. Nb6 Nf3+ 34. Ke3 Nh2 35. Be2 g6 36. Rxc8 Rxc8 37. Nxc8 Kf8 38. c6 bxc6 39. b6 1-0

[Event "Penang op-A 5th"]
[Site "Penang"]
[Date "2013.12.13"]
[Round "9"]
[White "Yeap, Eng Cheam"]
[Black "Kurniawan, Muhamad Agus"]
[Result "1/2-1/2"]
[WhiteElo "2137"]
[BlackElo "2038"]
[PlyCount "30"]
[EventDate "2013.12.09"]
[EventType "swiss"]
[EventRounds "9"]
[EventCountry "MAS"]
[SourceTitle "CBM 157 Extra"]
[Source "ChessBase"]
[SourceDate "2013.12.19"]
[SourceVersion "1"]
[SourceVersionDate "2013.12.19"]
[SourceQuality "1"]

1. e4 c5 2. Nf3 d6 3. c3 Nf6 4. Be2 Nc6 5. d3 g6 6. 0-0 Bg7 7. h3 0-0 8. Be3 Bd7 9. Nbd2 Rb8 10. d4 b6 11. Qc2 Qc7 12. Rac1 e5 13. Rfe1 Nh5 14. dxe5 dxe5 15. Bc4 Nd8 1/2-1/2

[Event "Penang op-A 5th"]
[Site "Penang"]
[Date "2013.12.10"]
[Round "3"]
[White "Yeap, Eng Cheam"]
[Black "Sonjaya, Deni"]
[Result "1/2-1/2"]
[WhiteElo "2137"]
[BlackElo "2292"]
[PlyCount "129"]
[EventDate "2013.12.09"]
[EventType "swiss"]
[EventRounds "9"]
[EventCountry "MAS"]
[SourceTitle "CBM 157 Extra"]
[Source "ChessBase"]
[SourceDate "2013.12.19"]
[SourceVersion "1"]
[SourceVersionDate "2013.12.19"]
[SourceQuality "1"]

1. e4 e5 2. Nf3 Nc6 3. Be2 Nf6 4. d3 d5 5. Nbd2 Be7 6. c3 0-0 7. 0-0 Re8 8. Re1 a5 9. Qc2 Bc5 10. h3 dxe4 11. dxe4 Nh5 12. Nc4 Qf6 13. Be3 Bf8 14. Ncd2 Nf4 15. Bf1 h6 16. Kh2 Bd7 17. g3 Ne6 18. Bg2 a4 19. b4 axb3 20. axb3 Bc5 21. Nc4 b5 22. b4 Bf8 23. Nb2 Red8 24. Nd3 g5 25. Nd2 Bd6 26. Nb3 Ne7 27. Nbc5 Bc6 28. Qe2 Kh7 29. Bf3 Ng7 30. Bg2 Rg8 31. f3 Qg6 32. g4 Qf6 33. Bf2 Ng6 34. Bg3 Ne6 35. Nxe6 Qxe6 36. Qb2 h5 37. Rxa8 Rxa8 38. Ra1 Ra4 39. Bf1 Nf4 40. Nxf4 gxf4 41. Be1 Rxa1 42. Qxa1 Qb3 43. Qc1 hxg4 44. hxg4 Be7 45. Qd2 Kg7 46. Bd3 Qe6 47. Bb1 Qh6+ 48. Kg2 Bh4 49. Bc2 Bxe1 50. Qxe1 Bd7 51. Bb3 Be6 52. Bxe6 Qxe6 53. Qd2 Qb3 54. Kf2 Kg6 55. Kg2 Qc4 56. Kf2 f6 57. Qd8 Qa2+ 58. Kg1 Kg5 59. Qh8 Qf7 60. Kh2 Kg6 61. Qh5+ Kg7 62. Qxf7+ Kxf7 63. Kh3 Kg6 64. Kh4 Kh6 65. Kh3 1/2-1/2

[Event "Asia Cities-ch 17th"]
[Site "Jakarta"]
[Date "2011.04.28"]
[Round "9.9"]
[White "Tsao, Yui"]
[Black "Yeap, Eng Cheam"]
[Result "0-1"]
[WhiteElo "1775"]
[BlackElo "2140"]
[PlyCount "50"]
[EventDate "2011.04.22"]
[EventType "team-swiss"]
[EventRounds "9"]
[EventCountry "INA"]
[SourceTitle "CBM 142 Extra"]
[Source "ChessBase"]
[SourceDate "2011.06.27"]
[SourceVersion "1"]
[SourceVersionDate "2011.06.27"]
[SourceQuality "1"]
[WhiteTeam "Hong Kong"]
[BlackTeam "Penang"]
[WhiteTeamCountry "HKG"]
[BlackTeamCountry "MAS"]

1. d4 f5 2. g4 fxg4 3. h3 d6 4. Qd3 Nf6 5. hxg4 Bxg4 6. Bh3 Qd7 7. f3 Bxh3 8. Nxh3 Nc6 9. Ng5 e5 10. Rxh7 e4 11. Qe3 Nxh7 12. Qxe4+ Ne7 13. Nxh7 0-0-0 14. Ng5 Rh1+ 15. Kd2 d5 16. Qe6 Nf5 17. Qxd7+ Rxd7 18. Ne6 Bd6 19. Nc3 Re7 20. e4 Rxe6 21. exf5 Ree1 22. Ne2 Ref1 23. f4 Rh2 24. Kd3 Rd1+ 25. Ke3 Re1 0-1

[Event "Asia Cities-ch 17th"]
[Site "Jakarta"]
[Date "2011.04.23"]
[Round "2.9"]
[White "Jang, Kyungsik"]
[Black "Yeap, Eng Cheam"]
[Result "0-1"]
[WhiteElo "1779"]
[BlackElo "2140"]
[PlyCount "98"]
[EventDate "2011.04.22"]
[EventType "team-swiss"]
[EventRounds "9"]
[EventCountry "INA"]
[SourceTitle "CBM 142 Extra"]
[Source "ChessBase"]
[SourceDate "2011.06.27"]
[SourceVersion "1"]
[SourceVersionDate "2011.06.27"]
[SourceQuality "1"]
[WhiteTeam "Seoul"]
[BlackTeam "Penang"]
[WhiteTeamCountry "KOR"]
[BlackTeamCountry "MAS"]

1. c4 e5 2. Nc3 Nf6 3. g3 Nc6 4. Bg2 Bc5 5. e3 d6 6. Nge2 0-0 7. 0-0 Bf5 8. d4 Bb6 9. a3 Qe7 10. b4 Rad8 11. Bb2 Nb8 12. Qc1 c6 13. Rd1 Bg6 14. Rd2 Rfe8 15. Qf1 Qe6 16. d5 Qg4 17. dxc6 bxc6 18. Nc1 d5 19. cxd5 cxd5 20. h3 Qe6 21. Na4 Ne4 22. Rd1 Nxg3 23. fxg3 Bxe3+ 24. Kh2 Bc2 25. Re1 d4 26. Nc5 Qg6 27. Qe2 Nd7 28. N1d3 Bxd3 29. Qxd3 Nb6 30. Qxg6 hxg6 31. Bc6 Re7 32. Bb5 f5 33. Bc1 f4 34. Bxe3 fxe3 35. Rad1 Rf8 36. Rf1 Rf6 37. Ne4 Rf5 38. Kg2 Kh7 39. Rc1 Nd5 40. Rc5 e2 41. Re1 Ne3+ 42. Kg1 Rd7 43. Bxd7 Rf1+ 44. Kh2 d3 45. Rxe5 Rxe1 46. Ng5+ Kh6 47. Nf7+ Kh7 48. Rxe3 Rf1 49. Ne5 d2 0-1

[Event "Kuala Lumpur op 7th"]
[Site "Kuala Lumpur"]
[Date "2010.09.02"]
[Round "3"]
[White "Wang, Chen"]
[Black "Yeap, Eng Cheam"]
[Result "1-0"]
[WhiteElo "2404"]
[BlackElo "2121"]
[PlyCount "99"]
[EventDate "2010.09.01"]
[EventType "swiss"]
[EventRounds "9"]
[EventCountry "MAS"]
[SourceTitle "CBM 138 Extra"]
[Source "ChessBase"]
[SourceDate "2010.10.29"]
[SourceVersion "1"]
[SourceVersionDate "2010.10.29"]
[SourceQuality "1"]

1. e4 c5 2. Nf3 d6 3. Bb5+ Nc6 4. 0-0 Bd7 5. c3 Nf6 6. Re1 g6 7. d4 Bg7 8. e5 dxe5 9. dxe5 Ng4 10. Bf4 0-0 11. Bf1 Be6 12. Qe2 Bd5 13. Nbd2 f6 14. exf6 exf6 15. Qb5 g5 16. Bg3 f5 17. h3 f4 18. hxg4 fxg3 19. fxg3 Qd6 20. Bc4 Kh8 21. Bxd5 Qxd5 22. Ne4 h6 23. Qxc5 Qd7 24. Nf2 Rae8 25. Rad1 Qf7 26. Rxe8 Rxe8 27. Qd5 Qxd5 28. Rxd5 Re2 29. Rd2 Rxd2 30. Nxd2 b5 31. Nd3 Kg8 32. Kf2 Kf7 33. Ke3 Ke6 34. Ke4 a5 35. Nf3 a4 36. a3 Kd6 37. Nd2 Be5 38. c4 b4 39. c5+ Ke6 40. Nxe5 Nxe5 41. axb4 Nxg4 42. Kd4 Nf2 43. b5 Nd1 44. b6 Kd7 45. Nc4 Nxb2 46. Kd5 Nd3 47. c6+ Kd8 48. c7+ Kd7 49. Nd6 Nb4+ 50. Kc4 1-0

[Event "Kuala Lumpur op 5th"]
[Site "Kuala Lumpur"]
[Date "2008.08.23"]
[Round "10"]
[White "Yeap, Eng Cheam"]
[Black "Panggabean, Hasian"]
[Result "1/2-1/2"]
[WhiteElo "2055"]
[BlackElo "2254"]
[PlyCount "116"]
[EventDate "2008.08.18"]
[EventType "swiss"]
[EventRounds "11"]
[EventCountry "MAS"]
[SourceTitle "CBM 126 Extra"]
[Source "ChessBase"]
[SourceDate "2008.11.05"]
[SourceVersion "1"]
[SourceVersionDate "2008.11.05"]
[SourceQuality "1"]

1. e4 e6 2. d4 d5 3. Nd2 dxe4 4. Nxe4 Bd7 5. Be3 Bc6 6. Nd2 Nf6 7. h3 Bd6 8. c4 0-0 9. Ngf3 b6 10. Bd3 Bb7 11. 0-0 Nbd7 12. Qc2 c5 13. Rad1 Qc7 14. Rfe1 h6 15. Qc3 Rfd8 16. Bb1 Rac8 17. dxc5 Bxc5 18. b3 Bxe3 19. Qxe3 Rb8 20. Nd4 Nf8 21. N2f3 Bxf3 22. Qxf3 Rd7 23. Nc6 Qb7 24. Ne5 Qxf3 25. Nxf3 Rbd8 26. Bc2 Rxd1 27. Rxd1 Rc8 28. Ne5 g5 29. f3 Rc5 30. Ng4 Nxg4 31. hxg4 Rc7 32. Kf2 Nd7 33. Be4 Nc5 34. Rd8+ Kg7 35. Ke3 Nd7 36. Kd4 Nf6 37. Ke5 Rc5+ 38. Kd6 h5 39. gxh5 g4 40. Bc6 g3 41. Ra8 Nxh5 42. Rxa7 Nf4 43. Be8 Rf5 44. Bc6 Nxg2 45. f4 Nxf4 46. b4 g2 47. Bxg2 Nxg2 48. c5 bxc5 49. b5 Ne3 50. Kc6 Nd5 51. b6 Nxb6 52. Kxb6 c4 53. a4 e5 54. Rc7 Rf6+ 55. Kb7 e4 56. Rxc4 e3 57. Rc1 e2 58. Re1 Rf4 1/2-1/2